Ježiš, môj uzdravovateľ [ z prepisaných náhravok zo seminárov o vnútornom uzdravení a oslobodení, ktoré sa uskutočnili na Slovensku: Bratislava, 1996, Korcháň, 1998, Duchonka, 1999]

Bibliographic Details
Main Author: Vella, Elias, 1941-2022 (Author)
Other Authors: Šuplatová, Alžbeta (Translator, Compiler)
Format: Book
Language:Slovak
Maltese
English
PhysicalDescription:438 s. 20 cm
Published: [Veľký Lapáš] Per Immaculatam 2008
ISBN:9788096885473
Edition:3. upr. vyd.
Subjects:

MARC

LEADER 00000nam a2200000 a 4500
001 vtls009333525
003 SK-MaSNL
005 20260302043337.0
008 150827s2008 xo f 000 0 slo
015 |a SNBA2008/09-04435 
020 |a 9788096885473  |q (brož.)  |z 8096885473 
035 |a FC9F58A5-31BF-4FE2-9AD7-463BFFAB4DD0 
035 |a urn:nbn:sk:snk-amjezb 
035 |a urn:nbn:sk:snk-am002b8g 
040 |a SNK  |b slo  |c SNK  |e AACR2 
041 1 |a slo  |h mlt  |h eng 
044 |a xo  |c SK 
072 7 |a 27-1/-2  |x Kresťanská teológia. Dogmatická teológia  |2 konspekt 
080 |a 27-184  |2 2001 
080 |a 2-468  |2 2001 
080 |a 27-584  |2 2001 
080 |a 27-423.79  |2 2001 
080 |a 27-534.35  |2 2001 
080 |a 27-185.3  |2 2001 
080 |a 27-167.64  |2 2001 
080 |a (0:82-4)  |2 2001 
100 1 |a Vella, Elias,  |d 1941-2022  |4 aut  |9 117029 
245 1 0 |a Ježiš, môj uzdravovateľ  |b [ z prepisaných náhravok zo seminárov o vnútornom uzdravení a oslobodení, ktoré sa uskutočnili na Slovensku: Bratislava, 1996, Korcháň, 1998, Duchonka, 1999]  |c Elias Vella ; [preklad nahrávok z anglického jazyka Alžbeta Šúplatová] 
250 |a 3. upr. vyd. 
260 |a [Veľký Lapáš]  |b Per Immaculatam  |c 2008 
300 |a 438 s.  |c 20 cm 
600 0 7 |a Ježiš Kristus  |2 SNKMA 
650 0 7 |a Boh a človek  |2 SNKPH  |9 1711 
650 0 7 |a uzdravovanie  |x kresťanské chápanie  |2 SNKPH  |9 352713 
650 0 7 |a duchovný život  |2 SNKPH  |9 1807 
650 0 7 |a láska  |x kresťanské chápanie  |2 SNKPH  |9 310218 
650 0 7 |a kresťanská modlitba  |2 SNKPH  |9 2009 
650 0 7 |a hriech  |x kresťanské chápanie  |2 SNKPH  |9 410031 
650 0 7 |a diabol (náboženstvo)  |2 SNKPH  |9 20096 
655 7 |a úvahy  |2 SNKPH  |9 29403 
700 1 |a Šuplatová, Alžbeta  |4 trl  |4 com  |9 67735 
919 |a 978-80-968854-7-3 
958 |a OP 
958 |a NT 
968 |b MLT  |c ENG  |d 2 
999 |c 1086267  |d 1088197 
952 |a SNK  |b SNK  |y PREZ  |7 0  |p 17A0598965  |o snkSD 77681  |i snk2008/17221  |8 0  |0 0  |1 0  |4 0  |d 2008-09-12  |l 0  |r 2025-11-25 00:00:00  |w 2026-02-24 
952 |a SNK  |b SNK  |y VYP  |7 0  |p 17A0598962  |o snkSD 77681 D1  |i snk2008/17222  |8 0  |0 0  |1 0  |4 0  |d 2008-09-12  |f 1  |l 0  |r 2017-06-30 00:00:00  |w 2026-02-24